000
00268nam a2200097Ia 4500
082
_a
J 523.112 JEFF
245
0
_a
Galaxies : immense star islands
100
_a
JEFFERIS, David New York, 2009
_9
94750
942
_c
BK
008
210817s9999 xx 000 0 und d
999
_c
388575
_d
388574